BIBLIOTECA PODER JUDICIAL
Portal Judicial TDF

Vida social y cultural / (Registro nro. 320)

000 -LEADER
fixed length control field 00919nam a22002057a 4500
003 - CONTROL NUMBER IDENTIFIER
control field OSt
005 - DATE AND TIME OF LATEST TRANSACTION
control field 20190104071929.0
008 - FIXED-LENGTH DATA ELEMENTS--GENERAL INFORMATION
fixed length control field 180320b xxu||||| |||| 00| 0 spa d
020 ## - INTERNATIONAL STANDARD BOOK NUMBER
International Standard Book Number 9502002032
040 ## - CATALOGING SOURCE
Transcribing agency PJ
100 ## - MAIN ENTRY--PERSONAL NAME
9 (RLIN) 155
Personal name Madile, Juan Alberto
245 10 - TITLE STATEMENT
Title Vida social y cultural /
Statement of responsibility, etc Juan Alberto Madile.
260 ## - PUBLICATION, DISTRIBUTION, ETC. (IMPRINT)
Place of publication, distribution, etc Buenos Aires :
Name of publisher, distributor, etc Abeledo-Perrot,
Date of publication, distribution, etc 1983
300 ## - PHYSICAL DESCRIPTION
Extent 168 p.
Dimensions 23 cm
504 ## - BIBLIOGRAPHY, ETC. NOTE
Bibliography, etc Notas y bibliografía al pie de algunas páginas.
505 ## - FORMATTED CONTENTS NOTE
Formatted contents note Contenido:<br/>I. Sobre la metodología en Ciencias Sociales -- II. La estructura social -- III: El sistema social -- IV. El sistema político -- V. La familia -- VI.La estratificación social -- VII. El control y el cambio sociales -- VIII. El control social -- IX. El cambio social -- Xl. Epílogo: materia, vida social y cultural.
650 #0 - SUBJECT ADDED ENTRY--TOPICAL TERM
9 (RLIN) 1912
Topical term or geographic name as entry element CIENCIAS SOCIALES
650 #0 - SUBJECT ADDED ENTRY--TOPICAL TERM
9 (RLIN) 247
Topical term or geographic name as entry element SOCIOLOGIA
942 ## - ADDED ENTRY ELEMENTS (KOHA)
Source of classification or shelving scheme
Koha item type Libros
Classification part 316
Item part MAD
Existencias
Withdrawn status Lost status Source of classification or shelving scheme Damaged status Not for loan Permanent Location Current Location Date acquired Full call number Barcode Date last seen Price effective from Koha item type
          Biblioteca Poder Judicial Sur Biblioteca Poder Judicial Sur 2018-04-26 316 MAD 2087 2018-04-26 2018-04-26 Libros

12 de Octubre 789 Ushuaia - Tel:  54(02901)441571
Horario de Atención: 8.00 a 17.00 hs. 
bibliotecaush@justierradelfuego.gov.ar
koha@justierradelfuego.gov.ar
Seguinos en nuestras redes @bibliojustdf 

Con tecnología Koha